Learning Resource and Development

Comparative children's rights in the ASEAN / (Record no. 29904)

MARC details
000 -LEADER
fixed length control field 01829nam a2200289 i 4500
003 - CONTROL NUMBER IDENTIFIER
control field CSPC
005 - DATE AND TIME OF LATEST TRANSACTION
control field 20260126103013.0
008 - FIXED-LENGTH DATA ELEMENTS--GENERAL INFORMATION
fixed length control field 250806s2017 ph 000 0 eng d
020 ## - INTERNATIONAL STANDARD BOOK NUMBER
International Standard Book Number 9789711504854
040 ## - CATALOGING SOURCE
Original cataloging agency CSPC
Language of cataloging eng
Transcribing agency CSPC
Description conventions rda
050 00 - LIBRARY OF CONGRESS CALL NUMBER
Classification number KNC145.M55
Item number P36 2017
082 04 - DEWEY DECIMAL CLASSIFICATION NUMBER
Classification number 323.3520959
Item number Ag939c
100 1# - MAIN ENTRY--PERSONAL NAME
Personal name Aguiling-Pangalangan, Elizabeth,
Relator term author.
245 10 - TITLE STATEMENT
Title Comparative children's rights in the ASEAN /
Statement of responsibility, etc. Elizabeth Aguiling-Pangalangan and Francesse Joy J. Cordon ; Elizabeth Aguiling-Pangalangan, editor.
264 #1 - PRODUCTION, PUBLICATION, DISTRIBUTION, MANUFACTURE, AND COPYRIGHT NOTICE
Place of production, publication, distribution, manufacture Diliman, Quezon City :
Name of producer, publisher, distributor, manufacturer Institute of Human Rights, U.P. Law Center,
Date of production, publication, distribution, manufacture, or copyright notice 2017.
300 ## - PHYSICAL DESCRIPTION
Extent xii, 275 pages :
Dimensions 23 cm.
336 ## - CONTENT TYPE
Source rdacontent
Content type term text
337 ## - MEDIA TYPE
Source rdamedia
Media type term unmediated
338 ## - CARRIER TYPE
Source rdacarrier
Carrier type term volume
505 0# - FORMATTED CONTENTS NOTE
Formatted contents note Introduction -- Survival rights -- A. Right to immediate registration after birth -- B. Right to special care of children with disabilities -- Protection of rights -- A. Right to be protected from all forms of physical and mental abuse -- B. Right to be protected from sexual abuse and exploitation -- C. Right to be protected from child trafficking -- Development rights -- A. Right to education -- B. Right to rest and leisure juxtaposed with right to be protected from economic exploitation -- Participation rights -- A. Right to freedom of expression -- Rights to privacy and to information.
650 #0 - SUBJECT ADDED ENTRY--TOPICAL TERM
Topical term or geographic name entry element Children's right
General subdivision Legal status, laws etc
Geographic subdivision Southeast Asia.
650 #0 - SUBJECT ADDED ENTRY--TOPICAL TERM
Topical term or geographic name entry element Child welfare
Geographic subdivision Southeast Asia.
700 1# - ADDED ENTRY--PERSONAL NAME
Personal name Cordon, Francesse Joy J.,
Relator term author.
700 1# - ADDED ENTRY--PERSONAL NAME
Personal name Aguiling-Pangalangan, Elizabeth,
Relator term editor.
942 ## - ADDED ENTRY ELEMENTS (KOHA)
Source of classification or shelving scheme Dewey Decimal Classification
Suppress in OPAC No
Koha item type Books
Classification part 323.3520959
Item part P193c
Call number prefix FIL
Call number suffix 2017
Holdings
Withdrawn status Lost status Source of classification or shelving scheme Damaged status Not for loan Home library Current library Shelving location Date acquired Total Checkouts Full call number Barcode Date last seen Copy number Price effective from Koha item type
    Dewey Decimal Classification     CAMPUS CSPC CAMPUS CSPC Filipiniana Section 08/06/2025   FIL 323.3520959 Ag939c 2017 001664-BUH 08/06/2025 1-1 08/06/2025 Books
    Dewey Decimal Classification     Main Library Main Library Filipiniana Section 01/20/2026   FIL 323.3520959 Ag939c 2017 031112 01/20/2026 1-2 01/20/2026 Books
    Dewey Decimal Classification     Main Library Main Library Filipiniana Section 01/20/2026   FIL 323.3520959 Ag939c 2017 031113 01/20/2026 2-2 01/20/2026 Books